00420nam a2200181Ia 4500008004100000020001800041050001400059100002300073245001900096245002300115260001300138260001900151260000900170300001400179300002700193300001000220500000800230170918s9999 xx 000 0 und d a9781408300596 bW224 2007 aWalsh, Ellen Stoll aMouse shapes / cEllen Stoll Walsh. aSydney : bOrchard Books, c2007 aunpaged : bcolored illustration ; c17cm. a370